000 00817nam a22002537a 4500
999 _c15370
_d15370
003 MIRAKIL
005 20240214110912.0
008 240214b tu ||||| |||| 00| 0 tur d
020 _a975458365X
040 _aTR-AnCHP
_cTR-AnCHP
041 _aTürkçe
082 _a813.42
_bİ43y 2002
090 _a813.42 İ43y 2002
100 _aİlhan, Attila
245 1 0 _aYengecin kıskacı /
_cAttila İlhan.
250 _a1. bs.
260 _aİstanbul :
_bTürkiye İş Bankası Kültür yayınları ,
_c2002.
300 _a258 s.
_c21 cm.
490 0 _aTürkiye İş Bankası kültür yayınları genel yayın
_v606
490 0 _aEdebiyat dizisi;
_v214.
650 0 _919
_aTürk edebiyatı
_xroman
856 _zDijital Nüshası için Partimizin Kütüphane Sorumlusu ile iletişime geçiniz.
942 _2ddc
_cBKS